00856nam a22002297a 45000050016000000100029000160200026000450350028000710370013000990370026001120820010001381000018001482450114001662600034002802700046003143000034003605000020003946100057004146500061004716500072005327000022006042011121408358.0 aENG-104340 B-490274-290 a9788120344556c625.00 aEN -87873 B-490274-290 bDBAD/PUB bPrabhat Prakashan/Ven a005.5 aLambert, Joan aMOS 2010 study guide for Microsoft Word, Excel, PowerPoint, and Outlook /cby Joan Lambert [and] Joyce Cox aNew DelhibPHI Learningc2012 aM-97, Connaught CircusbNew Delhie110001 axlii,690p. :c24cm(pbk)bill. aIncludes index aMicrosoft Corporation xExaminations vStudy guides. aBusinessxComputer programsxExaminationsvStudy guides. aElectronic data processing personnel xCertificationvStudy guides. aCox, Joyced1946-